000 00509cam a2200181 4500
001 ##L132223
008 #DATE n1913 000 0 eng u
035 _a(Sirsi) u132223
041 0 _aeng
050 0 4 _a380.1 $2 18
100 1 _aCave, J. Otway
245 0 4 _aThe training of an auctioneer, valuer and estate agent
260 _aLondon
_bEstates Gazette
_c1913
300 _a220p.
_c22cm
690 _aCAREERS, EDUCATION AND TRAINING-CAREERS IN SURVEYING
700 1 _aKevan, Herbert J.
942 _n0
999 _c105059
_d105059